| 000 | 00744nam a2200229Ia 4500 | ||
|---|---|---|---|
| 003 | GCL | ||
| 008 | 140319s9999 xx 000 0 ara d | ||
| 040 |
_aGCL / _cGCL |
||
| 082 | 0 | 4 |
_a935 _bن ش |
| 100 | 1 | _aنقولا زيادة | |
| 245 | 1 | 0 |
_aشاميات: دراسات فى الحضارة والتاريخ / _cنقولا زيادة |
| 260 |
_a[S.N] : _bرياض الريس للكتب والنشر ، _c1989 |
||
| 300 | _a391 | ||
| 490 | _a | ||
| 650 | 0 | 4 | _aتاريخ |
| 650 | 0 | 4 | _aالحضارة العربية الاسلامية - المعارف البحرية |
| 650 | 0 | 4 | _aالحضارة |
| 650 | 0 | 4 | _aالشام |
| 650 | 0 | 4 | _aالحضارة الفلسطنية |
| 650 | 0 | 4 | _aالحضارة العراقية |
| 942 |
_2ddc _cBK |
||
| 999 |
_c31039 _d31039 |
||